• 首页
  • 本馆介绍
  • 公告通知
  • 最新文献
  • 馆藏检索
  • 电子资源
  • 读者导购
  • 参考咨询
  • 我的图书馆
  • 登录
  • 详细信息显示
  • 放入我的书架
  • 预约/预借图书
  • 作者相关作品
  • 分类相关作品
  • 丛书相关作品
  • 出版社相关作品

书目信息

  • 表格格式
  • 工作单格式
  • 卡片格式
题名:
家具制造实训
    
 
作者: 王所玲 著
分册:  
出版信息: 济南   济南出版社  2014.10
页数: 186页
开本: 29cm
丛书名: 高等学校设计学类专业实训教材
单 册:
中图分类: TS664.05 , TS664
科图分类:
主题词: 家具--jia ju--生产工艺--高等学校--教材
电子资源:
ISBN: 978-7-5488-1174-9
000 01054nam 2200277 450
001 2327119838
005 20231127073218.43
010    @a978-7-5488-1174-9@dCNY63.00
100    @a20150128d2014 em y0chiy50 ea
101 0  @achi
102    @aCN@b370000
105    @aak a 000yy
200 1  @a家具制造实训@Ajia ju zhi zao shi xun@f王所玲著
210    @a济南@c济南出版社@d2014.10
215    @a186页@c彩图@d29cm
225 2  @a高等学校设计学类专业实训教材@Agao deng xue xiao she ji xue lei zhuan ye shi xun jiao cai
300    @a山东省高等学校教学改革研究项目成果 山东省软科学研究项目成果
320    @a有书目 (第185-186页)
330    @a本书共分九个课题, 包括: 家具制造实训课程综述、家具材料与家具设计、实木家具制造工艺实训、板式家具制造工艺实训、金属家具制造工艺实训、塑料家具制造工艺实训等。
410  0 @12001 @a高等学校设计学类专业实训教材
606 0  @a家具@Ajia ju@x生产工艺@x高等学校@j教材
690    @aTS664.05@v5
690    @aTS664@v4
701  0 @a王所玲@Awang suo ling@4著
801  0 @aCN@b人天书店@c20150128
905    @aBZT@dTS664@e5
    
    家具制造实训/王所玲著.-济南:济南出版社,2014.10
    186页:彩图;29cm.-(高等学校设计学类专业实训教材)
    山东省高等学校教学改革研究项目成果 山东省软科学研究项目成果
    
    ISBN 978-7-5488-1174-9:CNY63.00
    本书共分九个课题, 包括: 家具制造实训课程综述、家具材料与家具设计、实木家具制造工艺实训、板式家具制造工艺实训、金属家具制造工艺实训、塑料家具制造工艺实训等。
●
相关链接 在五车中查询图书 在当当中查询图书 在豆瓣中查询图书


正题名:家具制造实训     索取号:TS664/5         预约/预借

序号 登录号 条形码 馆藏地/架位号 状态 备注
1 2001097977   2001097977   东辅楼二楼书库/ [索取号:TS664/5] 在馆    
2 2001097978   2001097978   东辅楼二楼书库/ [索取号:TS664/5] 在馆    
3 2001097979   2001097979   东辅楼二楼书库/ [索取号:TS664/5] 在馆    
4 2001097980   2001097980   东辅楼二楼书库/ [索取号:TS664/5] 在馆    
5 2001097981   2001097981   东辅楼二楼书库/ [索取号:TS664/5] 在馆    
6 2001097982   2001097982   东辅楼二楼书库/ [索取号:TS664/5] 在馆    
7 2001097983   2001097983   东辅楼二楼书库/ [索取号:TS664/5] 在馆    
8 2001097984   2001097984   东辅楼二楼书库/ [索取号:TS664/5] 在馆    
9 2001097985   2001097985   东辅楼二楼书库/ [索取号:TS664/5] 在馆    
10 2001097986   2001097986   东辅楼二楼书库/ [索取号:TS664/5] 在馆    
11 2001097987   2001097987   东辅楼二楼书库/ [索取号:TS664/5] 在馆    
12 2001097988   2001097988   东辅楼二楼书库/ [索取号:TS664/5] 在馆    
13 2001097989   2001097989   东辅楼二楼书库/ [索取号:TS664/5] 在馆    
14 2001097990   2001097990   东辅楼二楼书库/ [索取号:TS664/5] 在馆    
15 2001097991   2001097991   东辅楼二楼书库/ [索取号:TS664/5] 在馆    
16 2001097992   2001097992   东辅楼二楼书库/ [索取号:TS664/5] 在馆    
17 2001097993   2001097993   东辅楼二楼书库/ [索取号:TS664/5] 在馆    
18 2001097994   2001097994   东辅楼二楼书库/ [索取号:TS664/5] 在馆    
19 2001097995   2001097995   东辅楼二楼书库/ [索取号:TS664/5] 在馆    
20 2001097996   2001097996   东辅楼二楼书库/ [索取号:TS664/5] 在馆    
21 2001097997   2001097997   东辅楼二楼书库/ [索取号:TS664/5] 在馆    
22 2001097998   2001097998   东辅楼二楼书库/ [索取号:TS664/5] 在馆    
23 2001097999   2001097999   东辅楼二楼书库/ [索取号:TS664/5] 在馆    
24 2001098000   2001098000   东辅楼二楼书库/ [索取号:TS664/5] 在馆    
25 2001098001   2001098001   东辅楼二楼书库/ [索取号:TS664/5] 在馆    
26 2001098002   2001098002   东辅楼二楼书库/ [索取号:TS664/5] 在馆    
27 2001098003   2001098003   东辅楼二楼书库/ [索取号:TS664/5] 在馆    
28 2001098004   2001098004   东辅楼二楼书库/ [索取号:TS664/5] 在馆    
29 2001098005   2001098005   东辅楼二楼书库/ [索取号:TS664/5] 在馆    
30 2001098006   2001098006   东辅楼二楼书库/ [索取号:TS664/5] 在馆    
山东省滨州职业学院图书馆 欢迎您!
大连网信软件有限公司© 版权所有